Szczegóły MARC21

Przypadki mojego życia /

003 -Nazwa inst., której nr kontr. jest w polu 001 [,]
    • @
    • Nazwa instytucji, której n kontrolny jest w polu 001
    • NUKAT
005 -DATA I CZAS OSTATNIEJ MODYFIKACJI [,]
    • @
    • pole kontrolne
    • 20241231113222.0
020 -Międzynarod. znormalizowany nr książki - ISBN [ , ]
    • a
    • Numer ISBN
    • 8385008799 Find
040 -Instytucja sporządzająca opis [ , ]
    • a
    • Instytucja, która sporządziła opis (NP)
    • GD U/AJ
    • c
    • Instytucja, która sporządziła rekord (NP)
    • GD U/AJ
    • d
    • Instytucja, która zmodyfikowała rekord (P)
    • GD U/AJ
    • d
    • Instytucja, która zmodyfikowała rekord (P)
    • KR 119/RS
    • d
    • Instytucja, która zmodyfikowała rekord (P)
    • KR 119/SWs
942 -Rodzaj dokumentu [ , ]
    • c
    • Rodzaj dokumentu
    • Książka
100 -Hasło główne - nazwa osobowa [1, ]
    • a
    • Nazwa osobowa (NP)
    • Brandstaetter, Roman
    • d
    • Daty biograficzne (NP)
    • (1906-1987).
    • 9
    • KHW
    • 18710
245 -Strefa tytułu i oznaczenia odpowiedzialności [1,0]
    • a
    • Tytuł
    • Przypadki mojego życia / Find
    • c
    • Pozostałe elementy strefy tytułu i oznaczenia odpowiedzialności (NP)
    • Roman Brandstaetter.
260 -Strefa adresu wydawniczego [ , ]
    • a
    • Miejsce wydania (P)
    • Poznań :
    • b
    • Nazwa wydawcy (P)
    • W Drodze,
    • c
    • Data wydania (P)
    • 1988.
300 -Strefa opisu fizycznego [ , ]
    • a
    • Określenie formy książki i/lub objętość (NP)
    • 316 s. :
    • b
    • Oznaczenie ilustracji (NP)
    • il. ;
    • c
    • Format (NP)
    • 20 cm.
336 -Typ zawartości [ , ]
    • a
    • Termin opisujący typ zawartości
    • Tekst
    • b
    • Kod określający zawartość
    • txt
    • 2
    • Źródło (terminu i kodu)
    • rdacontent
337 -Typ mediów [ , ]
    • a
    • Tryb odtwarzania
    • Bez urządzenia pośredniczącego
    • b
    • Kod typu mediów
    • n
    • 2
    • Źródło (terminu i kodu)
    • rdamedia
338 -Typ/rodzaj nośnika [ , ]
    • a
    • Hasło opisujące typ nośnika
    • Wolumin
    • b
    • Kod typu nośnika
    • nc
    • 2
    • Źródło (terminu i kodu)
    • rdacarrier
080 -Uniwersalna Klasyfikacja Dziesiętna [ , ]
    • a
    • Symbol klasyfikacji
    • 884-34
655 -Hasło w funkcji tematu formalnego [ ,7]
    • a
    • Hasło
    • Proza polska
    • y
    • Określnik chronologiczny
    • 1970-.
    • 2
    • Źródło terminu
    • kaba
    • 9
    • KHW
    • 364315
980 -Symbol UKD [ , ]
    • a
    • UKD
    • 884-34
710 -Hasło dodatkowe - nazwa ciała zbiorowego [2, ]
    • a
    • Nazwa ciała zbiorowego lub nazwa geograficzna jako pierwszy element (NP)
    • Wydawnictwo Polskiej Prowincji Dominikanów "W drodze".
    • 4
    • Kod relacji
    • pbl
    • 9
    • KHW
    • 66723
920 -ISBN [ , ]
    • a
    • ISBN
    • 83-85008-79-9 Find
Sygnatura Data inwentaryzacji Lokalizacja Status udost. Numer inwentarzowy
Z.728931997-02-08BG1Z.72893
W.1576151997-02-08BG-3W.157615
W.1576151997-02-08BG-3W.157616
 2002-11-29BG1JK.271
 1997-02-08BM1P.8737